000 00350nam a22001457a 4500
003 macl
005 20190709154536.0
008 190709b xxu||||| |||| 00| 0 eng d
040 _cmacl
100 _aOm Swami
_975887
245 _aAncient Science of Mantras
260 _aMumbai
_bJaico Pub
_c2018
650 _aReligion
_975888
942 _2ddc
_cBK
999 _c60503
_d60503